| 000 | 00645nac a22002051u 4500 | ||
|---|---|---|---|
| 010 | _a 83001976 | ||
| 020 | _a0860957128 (pbk.) | ||
| 082 | 0 | 0 |
_a690.0684 _bEAR |
| 090 |
_c9089 _d9089 |
||
| 100 | _aEarnshaw, Len | ||
| 245 | 1 | 0 |
_aConstruction site security / _cLen Earnshaw. |
| 260 |
_aLondon ; _aNew York : _bConstruction Press,1984. _cc1984. |
||
| 300 |
_ax, 107 p. ; _c22 cm. |
||
| 440 | 0 | _aSite practice series | |
| 500 | _aIncludes index. | ||
| 500 | _aDistributer: Al-Ahram | ||
| 511 | _aCatalogued by: Sara | ||
| 650 | 0 |
_aBuilding sites _xSecurity measures. |
|
| 942 |
_cBB _k690.0684EAR |
||
| 999 |
_c9089 _d9089 |
||